An ILLUSTRATED guide in the Kuala Tahan Region of Taman Negara
| Format: | Book |
|---|---|
| Published: |
Kuala Lumpur :
Jabatan Perlindungan Hidupan Liar dan Taman Negara (PERHILITAN) ,
1989
|
| Subjects: |
MARC
| LEADER | 00000cam a2200000 7i4500 | ||
|---|---|---|---|
| 001 | 0000002782 | ||
| 005 | 20040108.0 | ||
| 090 | 0 | 0 | |a 910.202 |b ILL 1989 |
| 245 | 0 | 3 | |a An ILLUSTRATED guide in the Kuala Tahan Region of Taman Negara |
| 260 | 0 | 0 | |a Kuala Lumpur : |b Jabatan Perlindungan Hidupan Liar dan Taman Negara (PERHILITAN) , |c 1989 |
| 300 | |a vii, 97 p. : |b illl. ; |c 21 cm. | ||
| 650 | 0 | 0 | |a Travel |x Guidebooks |z Peninsular Malaysia |
| 998 | |a JPSM | ||
| 999 | |a 0000004461 |b Monograph |c Open Shelf |e Default branch | ||